[Event "Autumn-1"]
[Site "Alushta UKR"]
[Date "2008.09.07"]
[Round "6"]
[White "Obukhov,A"]
[Black "Chernoukhov,A"]
[Result "1-0"]
[WhiteElo "2438"]
[BlackElo "1954"]

1.c4 c6 2.b3 d5 3.Bb2 Nf6 4.g3 g6 5.Bg2 Bg7 6.Nf3 Bf5 7.O-O O-O 8.d3 Nbd7
9.Nd4 Ne8 10.Qc2 dxc4 11.bxc4 Qb6 12.Nb3 Bxb2 13.Qxb2 Nc5 14.N1d2 Rd8 15.Qa3 Nxb3
16.axb3 a6 17.Qxe7 Ng7 18.Qa3 Rfe8 19.Rfe1 Bc8 20.b4 Nf5 21.Ne4 Qd4 22.e3 Qg7
23.d4 Be6 24.Nc5 Bc8 25.b5 axb5 26.cxb5 b6 27.Na6 cxb5 28.Nc7 Re7 29.Nxb5 Qf6
30.d5 Bd7 31.Qc3 Qxc3 32.Nxc3 Nd6 33.Ra6 Nc4 34.Rb1 Bc8 35.Ra8 Red7 36.Nb5 Bb7
37.Rxd8+ Rxd8 38.Rc1 Nd6 39.Nxd6 Rxd6 40.e4 Kf8 41.Rc7 Ba6 42.e5 Rd8 43.d6 Bd3
44.Bd5 Re8 45.Rxf7+  1-0

[Event "IX GM"]
[Site "Banja Luka BIH"]
[Date "2008.09.08"]
[Round "9"]
[White "Javakhishvili,L"]
[Black "Jakovljevic,Vlado"]
[Result "1-0"]
[WhiteElo "2461"]
[BlackElo "2442"]

1.c4 c6 2.Nf3 d5 3.e3 Nf6 4.Nc3 g6 5.d4 Bg7 6.cxd5 cxd5 7.Bb5+ Bd7 8.Qb3 e6
9.Bxd7+ Nbxd7 10.Qxb7 O-O 11.O-O Qe7 12.b3 Rfb8 13.Qa6 Rb6 14.Ba3 Rxa6 15.Bxe7 Rc6
16.Rfc1 Rac8 17.Ne2 Bf8 18.Bxf8 Kxf8 19.Rxc6 Rxc6 20.Rc1 Rxc1+ 21.Nxc1 Ne4
22.Ne2 Nb8 23.Ne5 f6 24.Nd3 Nc6 25.f3 Nd6 26.Nc3 Ke7 27.Kf2 Nb7 28.Ke2 a6
29.a3 Kd6 30.b4 Ncd8 31.Nc5 a5 32.Kd3 axb4 33.axb4 e5 34.e4 dxe4+ 35.N3xe4+ Ke7
36.Nxb7 Nxb7 37.dxe5 fxe5 38.Kc4  1-0

[Event "XXV Aniversario"]
[Site "Parla ESP"]
[Date "2008.09.08"]
[Round "3"]
[White "Rodriguez Yuste,M"]
[Black "Di Berardino,D"]
[Result "0-1"]
[WhiteElo "2243"]
[BlackElo "2471"]

1.c4 c6 2.Nc3 d5 3.e4 dxe4 4.Nxe4 Nd7 5.d4 Ngf6 6.Nc3 e5 7.dxe5 Nxe5 8.Qxd8+ Kxd8
9.Bf4 Ng6 10.O-O-O+ Bd7 11.Bg3 Nh5 12.Nf3 Nxg3 13.hxg3 Be7 14.Bd3 Kc7 15.Rhe1 Rhe8
16.Re2 Rad8 17.Red2 Bg4 18.Kc2 Bc5 19.Ne4 Bb4 20.Nc3 Ne5 21.Be2 Bf5+ 22.Kb3 Rxd2
23.Rxd2 Bc5 24.Nxe5 Rxe5 25.Bd3 Bxd3 26.Rxd3 Bxf2 27.Rf3 Bc5 28.Rxf7+ Re7
29.Rf3 Bd4 30.Kc2 Bf6 31.b4 Re1 32.Kd3 Rg1 33.Rf2 Kd7 34.Ne4 Ke7 35.Re2 Kf8
36.Rf2 Kg8 37.Nxf6+ gxf6 38.Kd4 Kf7 39.Kc5 Ke6 40.b5 cxb5 41.Kxb5 Rb1+ 42.Kc5 Re1
43.Rb2 Re5+ 44.Kd4 b6 45.Rb3 Ra5 46.Re3+ Kd6 47.a3 h5 48.Rf3 Ke6 49.Rc3 Kf5
50.Rf3+ Kg5 51.Re3 Re5 52.Rxe5+ fxe5+ 53.Kxe5 Kg4 54.a4 Kxg3 55.a5 Kxg2 56.Kd6 h4
57.axb6 axb6 58.Kc7 h3 59.Kxb6 h2 60.c5 h1=Q 61.c6 Qb1+ 62.Ka7 Qa2+ 63.Kb8 Qb3+
64.Kc8 Qe6+ 65.Kb7 Qd5 66.Kb6 Kf3  0-1

[Event "Autumn-1"]
[Site "Alushta UKR"]
[Date "2008.09.09"]
[Round "8"]
[White "Obukhov,A"]
[Black "Khudiakov,A"]
[Result "1-0"]
[WhiteElo "2438"]
[BlackElo "2164"]

1.c4 c6 2.d4 d5 3.e3 Nf6 4.Nf3 g6 5.Bd3 Bg7 6.O-O O-O 7.Nbd2 Bf5 8.Bxf5 gxf5
9.Ne5 e6 10.Ndf3 Nfd7 11.cxd5 Nxe5 12.Nxe5 Bxe5 13.dxc6 Bxh2+ 14.Kxh2 Nxc6
15.Rh1 f6 16.Qb3 Qd6+ 17.g3 Rf7 18.Bd2 Kh8 19.Kg2 Rg8 20.Rh4 Rfg7 21.Rah1 b6
22.Kf1 Rc8 23.Rh6 e5 24.Qd3 Ne7 25.Bc3 e4 26.Qa6 Rc7 27.Qb5 Qc6 28.Qxc6 Rxc6
29.R6h5 Kg8 30.Ke2 a5 31.Kd2 Rd6 32.b3 Rc6 33.Bb2 Kf7 34.Ba3 Nd5 35.Rxf5 Ke6
36.Rhh5 Rd7 37.g4 Rc3 38.Rh6 Rd3+ 39.Ke1 Nc3 40.Rhxf6+  1-0

[Event "SuperLiga-ROM"]
[Site "Eforie Nord ROM"]
[Date "2008.09.09"]
[Round "9"]
[White "Doncea,V"]
[Black "Szuhanek,R"]
[Result "1/2-1/2"]
[WhiteElo "2455"]
[BlackElo "2447"]

1.c4 c6 2.Nf3 d5 3.d4 Nf6 4.Qc2 dxc4 5.e4 b5 6.b3 cxb3 7.axb3 e6 8.Bd2 Bb7
9.Ba5 Qc8 10.Nbd2 Nbd7 11.Bd3 a6 12.b4 e5 13.Nxe5 Nxe5 14.dxe5 Nd7 15.Qc3 c5  1/2-1/2

[Event "SuperLiga-ROM"]
[Site "Eforie Nord ROM"]
[Date "2008.09.09"]
[Round "9"]
[White "Grecescu,G"]
[Black "Dumitrache,D"]
[Result "1/2-1/2"]
[WhiteElo "2415"]
[BlackElo "2504"]

1.c4 c6 2.b3 d5 3.Bb2 Nf6 4.Nf3 e6 5.e3 Nbd7 6.Nc3 Bd6 7.d4 O-O 8.Bd3 Re8
9.O-O e5 10.dxe5 Nxe5 11.cxd5 Nxf3+ 12.gxf3 Nxd5 13.Nxd5 Bxh2+ 14.Kxh2 Qh4+
15.Kg1 Qg5+ 16.Kh2  1/2-1/2

[Event "Open"]
[Site "Herzliya ISR"]
[Date "2008.09.09"]
[Round "6"]
[White "Khmelniker,I"]
[Black "Ettinger,A"]
[Result "1-0"]
[WhiteElo "2448"]
[BlackElo "2012"]

1.c4 c6 2.Nf3 d5 3.e3 Nf6 4.Nc3 a6 5.Qc2 e6 6.b3 Nbd7 7.Bb2 Be7 8.d4 O-O
9.Bd3 b5 10.Rd1 Bb7 11.O-O h6 12.e4 b4 13.Na4 dxe4 14.Bxe4 Nxe4 15.Qxe4 Nf6
16.Qe3 Qc7 17.Nc5 Nd7 18.Ne5 Nxe5 19.dxe5 Rad8 20.Bd4 a5 21.Na4 c5 22.Bxc5 Qc6
23.f3 Bg5 24.Qf2 Rxd1 25.Rxd1 Rd8 26.Rxd8+ Bxd8 27.Qd4 Bc7 28.Bb6 g5 29.Bxc7 Qxc7
30.Qd6 Qc6 31.Nc5 Kg7 32.Kf2 h5 33.Qe7 g4 34.Nxb7  1-0

[Event "I Liga Seniorow"]
[Site "Ustron POL"]
[Date "2008.09.09"]
[Round "4"]
[White "Czerwonski,A"]
[Black "Kuczynski,R"]
[Result "0-1"]
[WhiteElo "2414"]
[BlackElo "2497"]

1.c4 c6 2.Nf3 d5 3.e3 Nf6 4.b3 Bg4 5.Be2 e6 6.Bb2 Nbd7 7.Ne5 Nxe5 8.Bxe5 Bxe2
9.Qxe2 Bd6 10.Bxd6 Qxd6 11.O-O O-O 12.cxd5 exd5 13.d4 Ne4 14.f3 Ng5 15.Nc3 Rae8
16.Qd3 f5 17.Rae1 Rf6 18.Ne2 Ne6 19.g3 Qb4 20.Qc3 Qxc3 21.Nxc3 Ng5 22.b4 Rfe6
23.Kf2 Nf7 24.Na4 Nd6 25.Nc5 R6e7 26.Re2 g5 27.Nd3 a5 28.bxa5 Ra8 29.Rb1 Rxa5
30.Ne5 Ra4 31.Rd2 Kg7 32.Rb3 Kf6 33.Rc2 f4 34.exf4 gxf4 35.Rd3 fxg3+ 36.hxg3 h5
37.g4 hxg4 38.Nxg4+ Kf5 39.Rd1 Kf4 40.Ne5 Rh7 41.Nd3+ Kg5 42.Ne1 Nf5 43.Rcd2 Rh2+
44.Ng2 Rxg2+ 45.Kxg2 Ne3+ 46.Kf2 Nxd1+ 47.Rxd1 Rxa2+ 48.Ke3 Ra3+ 49.Ke2 Kf4
50.Rb1 Re3+ 51.Kd2 Re7 52.Rb3 Kg3 53.Rd3 Kf2 54.Rb3 Rf7 55.Kc2 Ke2 56.Rb1 Ke3
57.Kc3 Rxf3 58.Rb4 Ke4+  0-1

[Event "61st ch-RUS HL"]
[Site "Novokuznetsk RUS"]
[Date "2008.09.10"]
[Round "7"]
[White "Kosov,Iv"]
[Black "Rustemov,A"]
[Result "1/2-1/2"]
[WhiteElo "2405"]
[BlackElo "2547"]

1.c4 c6 2.e4 e5 3.Nf3 Qa5 4.Nc3 Bb4 5.d3 Bxc3+ 6.bxc3 d6 7.Qc2 Ne7 8.Be2 O-O
9.O-O Ng6 10.Rb1 c5 11.h4 Nc6 12.h5 Nge7 13.Nh4 f5 14.exf5 Nxf5 15.Nxf5 Rxf5
16.f4 Qc7 17.g4 Rf8 18.f5 b6 19.Bf3 Bb7 20.g5 Na5 21.g6 Bxf3 22.Rxf3 e4 23.dxe4 Nxc4
24.Bf4 Kh8 25.Qh2 h6 26.Bxh6 gxh6 27.f6 Ne5 28.Rf5 Ng4 29.Qf4 Nxf6 30.Rxf6 Rxf6
31.Qxf6+ Qg7 32.Rf1 Qxf6 33.Rxf6 Re8 34.Rxd6 Rxe4 35.Rd7 Kg8 36.Rh7 b5 37.Rxh6 Re7
38.Kf2 b4 39.cxb4 cxb4 40.Rh7 Rxh7 41.gxh7+ Kxh7 42.Ke3 a5 43.Kd3 a4 44.Kc4 b3
45.axb3 axb3 46.Kxb3 Kh6 47.Kc4 Kxh5  1/2-1/2

[Event "XXV Aniversario"]
[Site "Parla ESP"]
[Date "2008.09.10"]
[Round "5"]
[White "Ramirez Bulnes,J"]
[Black "Lozano Cortijo,M"]
[Result "0-1"]
[WhiteElo "1954"]
[BlackElo "2156"]

1.c4 c6 2.Nc3 d5 3.d4 Nf6 4.b3 Bf5 5.e3 e6 6.Bd3 Bb4 7.Ne2 Bxd3 8.Qxd3 O-O
9.O-O Nbd7 10.a3 Bd6 11.e4 Nxe4 12.Nxe4 dxe4 13.Qxe4 e5 14.c5 Bc7 15.Bb2 f5
16.Qd3 e4 17.Qc4+ Kh8 18.d5 cxd5 19.Qxd5 Qe7 20.Nd4 Be5 21.Qxb7 Rab8 22.Qd5 Nf6
23.Qe6 Qxe6 24.Nxe6 Bxb2 25.Ra2 Rfe8 26.Nc7 Re7 27.Na6 Rxb3 28.Rb1 Rd7 29.h3 Rd2
30.Kf1 Rxf2+ 31.Kxf2 Bd4+ 32.Ke2 Rxb1 33.Rd2 Rb2 34.c6 Ne8 35.c7 Nd6 36.Nb4 Rxd2+
37.Kxd2 Be5 38.Nd5 Nc8 39.a4 Kg8 40.g4 g6 41.gxf5 gxf5  0-1

[Event "I EDAMI-Cosmocaixa"]
[Site "Barcelona ESP"]
[Date "2008.09.11"]
[Round "5"]
[White "Moskalenko,V"]
[Black "Alsina Leal,D"]
[Result "1-0"]
[WhiteElo "2569"]
[BlackElo "2517"]

1.c4 c6 2.Nf3 d5 3.e3 Nf6 4.Nc3 e6 5.b3 Nbd7 6.Qc2 Bd6 7.Bb2 O-O 8.Be2 Qe7
9.O-O b6 10.cxd5 cxd5 11.Nb5 Bb7 12.Nxd6 Qxd6 13.Rac1 Rac8 14.Qb1 a6 15.Qa1 Rfd8
16.h3 h6 17.Ne5 Ne8 18.Nxd7 Qxd7 19.Bd4 Qd6 20.Qb2 Rxc1 21.Rxc1 Rc8 22.Rxc8 Bxc8
23.Qc3 Bb7 24.a4 f6 25.f4 a5 26.Qc2 Qd8 27.Bg4 f5 28.Bf3 Nf6 29.Qc3 Kf7 30.b4 Kg8
31.b5 Kf7 32.d3 Kg8 33.Kf2 Kf7 34.Ke2 Ke7 35.Kd2 Kd7 36.g4 fxg4 37.hxg4 Ba8
38.Be2 Bb7 39.Be5 Ba8 40.Qd4 Kc8 41.g5 hxg5 42.fxg5 Nd7 43.Qc3+ Kb7 44.Qc6+ Ka7
45.Qd6 g6 46.Bd4 Bb7 47.Bg4 Qxg5 48.Qxd7 e5 49.Bxb6+ Kxb6 50.Qd6+ Ka7 51.b6+ Ka6
52.Qc5 Bc6 53.Bc8+  1-0

[Event "II ROMGAZ Open"]
[Site "Bucharest ROU"]
[Date "2008.09.11"]
[Round "1"]
[White "Suba,M"]
[Black "Dobrin,C"]
[Result "1-0"]
[WhiteElo "2507"]
[BlackElo "1937"]

1.c4 c6 2.e4 d5 3.cxd5 cxd5 4.exd5 Nf6 5.Nc3 Nxd5 6.Nf3 Nc6 7.Bb5 e6 8.O-O Be7
9.d4 O-O 10.Re1 a6 11.Bxc6 bxc6 12.Ne5 Qc7 13.Nxd5 cxd5 14.Bf4 Bd6 15.Rc1 Qb8
16.Re3 f6 17.Rb3 Qa7 18.Nc6 Qd7 19.Qd2 Re8 20.Rb6 e5 21.dxe5 Bxe5 22.Bxe5 fxe5
23.Rc5 Qf5 24.Qxd5+ Be6 25.Ne7+  1-0

[Event "XXV Aniversario"]
[Site "Parla ESP"]
[Date "2008.09.11"]
[Round "6"]
[White "Sanchez Gonzalez,S"]
[Black "Almagro Llamas,P"]
[Result "1-0"]
[WhiteElo "2228"]
[BlackElo "2492"]

1.c4 c6 2.e4 d5 3.exd5 cxd5 4.cxd5 Nf6 5.Nc3 g6 6.Bc4 Bg7 7.Nge2 O-O 8.d4 Nbd7
9.Bb3 Nb6 10.Nf4 Bf5 11.O-O Re8 12.h3 a6 13.Qe2 Qd6 14.Re1 Rac8 15.Be3 h6
16.Rad1 g5 17.Nh5 Nxh5 18.Qxh5 Nc4 19.Bxc4 Rxc4 20.h4 Rb4 21.hxg5 Rxb2 22.gxh6 Bg6
23.Qg4 Bh8 24.Bc1 Rc2 25.Re6 Rxc3 26.Rxd6 exd6 27.Qd7 Rec8 28.Be3 Kh7 29.Qxd6 Rg8
30.Rc1 Rd3 31.Qf4 b5 32.d6 b4 33.d7 Rc3 34.Rxc3 bxc3 35.Qd6  1-0

[Event "VII Open"]
[Site "Bergamo ITA"]
[Date "2008.09.12"]
[Round "1"]
[White "Sala,Gio"]
[Black "Pucovski,M"]
[Result "0-1"]
[WhiteElo "1970"]
[BlackElo "2346"]

1.c4 c6 2.Nf3 d5 3.e3 Nf6 4.Qc2 e6 5.b3 Nbd7 6.Bb2 Bd6 7.Nc3 a6 8.g3 O-O
9.Bg2 b5 10.O-O Bb7 11.d3 Qb6 12.Nd2 Rac8 13.h3 Rfd8 14.Rad1 c5 15.e4 dxe4
16.dxe4 Be5 17.f4 Bd4+ 18.Kh2 Nb8 19.e5 Bxg2 20.Kxg2 Ne8 21.Qe4 Rc7 22.Qe2 Rcd7
23.Nf3 Nc6 24.Rd2 bxc4 25.bxc4 Ne7 26.Rfd1 Nf5 27.Rd3 Ne3+  0-1

[Event "61st ch-RUS HL"]
[Site "Novokuznetsk RUS"]
[Date "2008.09.12"]
[Round "9"]
[White "Malakhov,V"]
[Black "Deviatkin,A"]
[Result "1/2-1/2"]
[WhiteElo "2689"]
[BlackElo "2567"]

1.c4 c6 2.Nf3 d5 3.e3 Nf6 4.d4 Bf5 5.Nc3 e6 6.Nh4 Bg6 7.Be2 Nbd7 8.O-O Bd6
9.g3 Qe7 10.a3 O-O 11.Nxg6 hxg6 12.Qb3 Rab8 13.c5 Bc7 14.Qa4 a6 15.f4 Nh7
16.h4 e5 17.Bd2 exd4 18.exd4 Nhf6 19.Rae1 Ne4 20.Bf3 Ndf6 21.Re2 Rfe8 22.Rfe1 Rbd8
23.Kh2 Rd7 24.Qc2 Qd8 25.Bxe4 dxe4 26.Nxe4 Nxe4 27.Rxe4 Rxe4 28.Qxe4 Rxd4
29.Qe8+ Kh7 30.Bc3 Rd7 31.Qe4 Rd5 32.Qe3 Rd3 33.Qe8 Qd5 34.Qe4 Bd8 35.Kg2 Qxe4+
36.Rxe4 Rd7 37.Kf3 Be7 38.Rd4 Rxd4 39.Bxd4 f5 40.b4 Kg8 41.Ke2 Kf7 42.Kd3 Bd8
43.Be5 Kf8 44.Bd6+ Kf7 45.Be5 Kf8 46.Bd6+ Kf7  1/2-1/2

[Event "7th Georgiev - Kesarovski Mem"]
[Site "Sunny Beach BUL"]
[Date "2008.09.12"]
[Round "6"]
[White "Vyskocil,N"]
[Black "Asparuhov,P"]
[Result "1-0"]
[WhiteElo "2340"]
[BlackElo "2119"]

1.c4 c6 2.Nf3 d5 3.e3 Nf6 4.Nc3 a6 5.d4 e6 6.Qc2 Nbd7 7.e4 dxe4 8.Nxe4 Nxe4
9.Qxe4 Nf6 10.Qc2 c5 11.dxc5 Bxc5 12.Be2 Bb4+ 13.Nd2 O-O 14.O-O Qc7 15.Nf3 Bd6
16.h3 h6 17.Be3 Bc5 18.Bd2 e5 19.b4 Ba7 20.Bc3 Re8 21.Nd2 Bd7 22.Bf3 Rac8
23.Rfe1 Bb8 24.Be2 e4 25.Nf1 Nh7 26.c5 Ng5 27.h4 Nh7 28.Bc4 Bc6 29.g3 Qd7
30.Ne3 Kh8 31.Rad1 Qh3 32.Bxf7 Re7 33.Bh5 Bxg3 34.fxg3 Qxg3+ 35.Qg2 Qxg2+
36.Nxg2 Nf6 37.Bg6 Rf8 38.Rf1 Bb5 39.Rf2 Bd3  1-0

[Event "7th Georgiev - Kesarovski Mem"]
[Site "Sunny Beach BUL"]
[Date "2008.09.12"]
[Round "6"]
[White "Kozhuharov,S"]
[Black "Pezelj,S"]
[Result "1-0"]
[WhiteElo "2412"]
[BlackElo "2024"]

1.c4 c6 2.d4 d6 3.Nc3 e5 4.Nf3 Nd7 5.e4 Ngf6 6.Be2 Be7 7.O-O O-O 8.Qc2 Qc7
9.Rd1 a5 10.a3 Re8 11.Rb1 Nf8 12.h3 Bd7 13.Be3 b5 14.c5 exd4 15.cxd6 Bxd6
16.Bxd4 Ng6 17.Bxf6 gxf6 18.Nxb5 cxb5 19.Qxc7 Bxc7 20.Rxd7 Rxe4 21.Bxb5 Rb8
22.Bd3 Re7 23.Rxe7 Nxe7 24.Kf1 Bd6 25.Nd2 Nc6 26.Nc4 Bc7 27.Be4 Ne5 28.Ne3 Bd6
29.g3 Rb3 30.Rd1 Bc5 31.Rd8+ Bf8 32.Nd1 Kg7 33.Ke2 Rb6 34.Bd5 Be7 35.Re8 Bd6
36.f4 Ng6 37.Rd8 Be7 38.Rd7 Rd6 39.Rxd6 Bxd6 40.Ne3 Ne7 41.Be4 h6 42.Kd3 Kf8
43.Kc4 Bc7 44.Kb5 Nc8 45.Bb7 Nd6+ 46.Kc6 Bb8 47.Kb6 Ke7 48.Bd5 Kd7 49.Kxa5 Ba7
50.Ng4 f5 51.Nxh6 Ke8 52.b4 Bf2 53.g4 Bg3 54.Nxf5 Nxf5 55.gxf5 Bxf4 56.b5  1-0

[Event "3rd XtraCon EMT"]
[Site "Borup DEN"]
[Date "2008.09.13"]
[Round "7"]
[White "Petersen,Nil"]
[Black "Madsen,PH"]
[Result "1/2-1/2"]
[WhiteElo "2043"]
[BlackElo "2111"]

1.c4 c6 2.e4 d5 3.exd5 cxd5 4.d4 Nf6 5.Nc3 e6 6.Nf3 Nc6 7.Bg5 Be7 8.a3 dxc4
9.Bxc4 O-O 10.O-O a6 11.Rc1 b5 12.Ba2 Bb7 13.Qd3 g6 14.Rfd1 Nd5 15.Bxd5 Bxg5
16.Nxg5 exd5 17.Nf3 Re8 18.Re1 Qd6 19.Re3 Rad8 20.Rce1 Rxe3 21.Qxe3 b4 22.Na4 Bc8
23.Nc5 a5 24.a4 Qf6 25.Ne5 Nxe5 26.Qxe5 Qxe5 27.Rxe5 Kf8 28.f3 Rd6 29.Kf2 f6
30.Re2 Rb6 31.b3 h5 32.g3 Kf7 33.Kg2 g5 34.h3 g4 35.fxg4 hxg4 36.h4 Bf5 37.Kf2 Rb8
38.Rd2 Bc8 39.Ke3 Rb6 40.Kf4 Rc6 41.Rd1 Rc7  1/2-1/2

[Event "3rd XtraCon EMT"]
[Site "Borup DEN"]
[Date "2008.09.14"]
[Round "9"]
[White "Jacobsen,Bo"]
[Black "Gajic,Ml"]
[Result "0-1"]
[WhiteElo "2323"]
[BlackElo "2135"]

1.c4 c6 2.Nf3 d5 3.g3 Nf6 4.Bg2 Bf5 5.O-O e6 6.b3 Nbd7 7.d3 h6 8.Bb2 Bd6
9.Re1 O-O 10.e4 Bg4 11.e5 Nxe5 12.Rxe5 Bxe5 13.Bxe5 dxc4 14.bxc4 Nd7 15.Bc3 Nb6
16.Qe2 Na4 17.h3 Bf5 18.Bf1 Qd7 19.a3 Rfd8 20.Ne1 a5 21.Ra2 b5 22.cxb5 cxb5
23.Ba1 Rac8 24.Rc2 Rxc2 25.Qxc2 Rc8  0-1

[Event "4th Pichay Cup"]
[Site "Manila PHI"]
[Date "2008.09.16"]
[Round "5"]
[White "Garcia,Jan"]
[Black "Andador,R"]
[Result "1/2-1/2"]
[WhiteElo "2232"]
[BlackElo "2335"]

1.c4 c6 2.Nf3 d5 3.b3 Bf5 4.Bb2 e6 5.g3 h6 6.Bg2 Nf6 7.O-O Be7 8.d3 O-O 9.Nbd2 a5
10.a3 Nbd7 11.Ra2 Re8 12.Qa1 Bf8 13.Ne5 Nxe5 14.Bxe5 Nd7 15.Bc3 Nc5 16.d4 Ne4
17.Nxe4 Bxe4 18.f3 Bg6 19.Qb2 Qb6 20.c5 Qa7 21.Raa1 e5 22.b4 b6 23.e3 bxc5
24.dxc5 f6 25.Qd2 Rad8 26.Rfd1 Bh5 27.g4 Bg6 28.h3 h5 29.Qb2 Qb7 30.Kf2 Qc8
31.Rac1 axb4 32.axb4 e4 33.f4 hxg4 34.hxg4 Qxg4 35.Rh1 Qe6 36.Rcg1 Bf5 37.Bf1 Be7
38.Be2 Kf7 39.Qa1 Rg8 40.Qf1 Ra8 41.Qg2 Ra2 42.Bd4 Qc8 43.Ra1 Rxa1 44.Rxa1 g5
45.fxg5 Rxg5 46.Qh2 Bg4 47.Ra7 Qf5+ 48.Qf4 Qxf4+ 49.exf4 Rg8 50.Bxg4 Rxg4
51.Be3 f5 52.Rc7 Rg6 53.Bd4 Ke8 54.b5 cxb5 55.c6 Bb4 56.Kf1 Ba5 57.Rc8+ Kf7
58.Be5 d4 59.c7 Rc6 60.Rd8 d3 61.c8=Q Rxc8 62.Rxc8 e3 63.Bc3 e2+ 64.Kg2 e1=Q
65.Bxe1 Bxe1 66.Rd8 d2 67.Kf3 b4 68.Ke2 Kg6 69.Kd1 b3 70.Rg8+ Kh5 71.Rg5+ Kh4
72.Rxf5 Kg4 73.Rf7 b2 74.Rb7  1/2-1/2

[Event "4th Pichay Cup"]
[Site "Manila PHI"]
[Date "2008.09.17"]
[Round "6"]
[White "Dableo,R"]
[Black "Nguyen Ngoc Truong Son"]
[Result "0-1"]
[WhiteElo "2444"]
[BlackElo "2579"]

1.c4 c6 2.Nf3 Nf6 3.e3 d5 4.cxd5 cxd5 5.d4 Nc6 6.a3 a6 7.b4 Bf5 8.Bb2 e6
9.Nbd2 Be7 10.Be2 Ne4 11.O-O O-O 12.Nb3 Nd6 13.Rc1 Bg4 14.Nc5 Nb8 15.Rc2 b6
16.Nd3 Nd7 17.Nde5 Bf5 18.Rc1 b5 19.g4 Bg6 20.Nxd7 Qxd7 21.h4 Nc4 22.Bxc4 dxc4
23.Ne5 Qd6 24.Nxg6 fxg6 25.g5 Qd5 26.f4 a5 27.Bc3 axb4 28.axb4 Ra2 29.Rc2 Rfa8
30.Qd2 R2a3 31.Rb2 Qe4 32.Rc1 Kf7 33.Kf2 h6 34.Qc2 Qxc2+ 35.Rcxc2 Ra1 36.Be1 Bd6
37.Ke2 Ke7 38.Bd2 Kd7 39.Kf3 R8a4 40.Ke4 Kc6 41.gxh6 gxh6 42.h5 gxh5 43.Bc3 R4a3
44.Bd2 h4 45.Bc1 h3 46.Rb1 Rxb1 47.Bxa3 Ra1 48.Bc1 Bxb4 49.Ke5 Kd7 50.Kf6 c3
51.e4 h2 52.Rxh2 Rxc1 53.Rxh6 Re1  0-1

[Event "Open"]
[Site "Yuzhny UKR"]
[Date "2008.09.20"]
[Round "1"]
[White "Nasirov,R"]
[Black "Golovlev,N"]
[Result "0-1"]
[WhiteElo "1882"]
[BlackElo "2332"]

1.c4 c6 2.e4 e5 3.d4 d6 4.dxe5 dxe5 5.Qxd8+ Kxd8 6.Nf3 f6 7.Be3 Nd7 8.Nc3 Bc5
9.Bxc5 Nxc5 10.O-O-O+ Kc7 11.h3 a5 12.Rd2 Ne7 13.Be2 Be6 14.Rhd1 Ng6 15.Bf1 Nf4
16.Ng1 Bf7 17.g3 Nfe6 18.Nge2 Bh5 19.Bg2 Rad8 20.f4 Nd4 21.g4 Nxe2+ 22.Nxe2 Bf7
23.b3 Rxd2 24.Rxd2 exf4 25.Nxf4 Re8 26.Rd4 Bg6 27.Nxg6 hxg6 28.Bh1 g5 29.Kc2 Ne6
30.Rd2 Nf4 31.Rh2 Rh8 32.Bg2 Kd6 33.Bf1 Ke6 34.Kd2 Rd8+ 35.Ke3 Rd1 36.Rf2 Re1+
37.Kd4 Kd7 38.Bg2 Rd1+ 39.Kc3 Ke6 40.Bf1 Ke5  0-1

[Event "5th Highlands Open A"]
[Site "Zdar nad Sazavou CZE"]
[Date "2008.09.20"]
[Round "1"]
[White "Stocek,J"]
[Black "Bures,J"]
[Result "1-0"]
[WhiteElo "2559"]
[BlackElo "2243"]

1.c4 c6 2.e4 d5 3.exd5 cxd5 4.cxd5 Nf6 5.Nf3 Nxd5 6.Bc4 e6 7.O-O Be7 8.d4 O-O
9.Re1 b6 10.Bxd5 exd5 11.Ne5 Be6 12.Nc3 Qc8 13.Qf3 Qb7 14.Bd2 Rd8 15.Rac1 Nc6
16.Ne2 Rac8 17.Nxc6 Rxc6 18.Rxc6 Qxc6 19.Nf4 Bf6 20.Bc3 h6 21.Nxe6 fxe6 22.Qg4 Kf7
23.h4 a5 24.a3 Rd6 25.Bd2 Qc2 26.Qf4 Rc6 27.Bc3 Qd3 28.g3 Qc4 29.Re3 h5 30.Qb8 a4
31.Qh8 Bxd4 32.Bxd4 Qxd4 33.Rf3+  1-0

[Event "EYb12"]
[Site "Herceg Novi MNE"]
[Date "2008.09.23"]
[Round "8"]
[White "Babazade,Jav"]
[Black "Vanagas,T"]
[Result "1-0"]
[WhiteElo "2016"]
[BlackElo "1737"]

1.c4 c6 2.Nc3 d5 3.cxd5 cxd5 4.d4 Nf6 5.Bg5 e6 6.e3 Be7 7.Bd3 Nc6 8.Nf3 O-O
9.h4 a6 10.Bxf6 Bxf6 11.Bxh7+ Kh8 12.Bd3 g6 13.h5 Kg7 14.hxg6 fxg6 15.Qe2 b5
16.O-O-O Ne7 17.Nh4 Bxh4 18.Rxh4 Rh8 19.Rdh1 Rxh4 20.Rxh4 Nf5 21.Rh1 b4 22.Na4 Qg5
23.Bxf5 Qxf5 24.g4 Qf7 25.f4 Bd7 26.Qh2 Rc8+ 27.Nc5 Qg8 28.Kd2 Bb5 29.f5 exf5
30.Qe5+ Kf7 31.Qe6+ Kg7 32.Qe7+ Qf7 33.Ne6+ Kg8 34.Rh8+  1-0

[Event "Open"]
[Site "Yuzhny UKR"]
[Date "2008.09.23"]
[Round "5"]
[White "Polishchuk,O"]
[Black "Fingerov,D"]
[Result "0-1"]
[WhiteElo "2228"]
[BlackElo "2365"]

1.c4 c6 2.d4 d5 3.Nc3 Nf6 4.cxd5 cxd5 5.Nf3 Nc6 6.Ne5 e6 7.Nxc6 bxc6 8.Bg5 Bd7
9.e3 Qb6 10.Bxf6 Qxb2 11.Qc1 Qxc1+ 12.Rxc1 gxf6 13.Ba6 Rb8 14.O-O Bd6 15.Na4 Ke7
16.Rc3 Rb4 17.Nc5 Bxc5 18.Rxc5 e5 19.Ra5 Kd6 20.a3 Rb2 21.Rc1 Rhb8 22.h4 h6
23.Bf1 R8b7 24.Rd1 Bg4 25.f3 Bd7 26.e4 Be6 27.exd5 Bxd5 28.dxe5+ fxe5 29.Ba6 Rb1
30.Rxb1 Rxb1+ 31.Kf2 Rb2+ 32.Kg3 f5 33.Bc8 f4+ 34.Kh3 Kc7 35.Rxa7+ Kxc8 36.Rh7 c5
37.Rxh6 Kd7 38.h5 c4 39.Rh7+ Kd6 40.h6 c3 41.Rh8 Rb7 42.Rc8 Be6+  0-1

[Event "Open"]
[Site "Yuzhny UKR"]
[Date "2008.09.24"]
[Round "7"]
[White "Kovalev,De"]
[Black "Golovlev,N"]
[Result "1-0"]
[WhiteElo "2436"]
[BlackElo "2332"]

1.c4 c6 2.Nf3 d5 3.cxd5 cxd5 4.d4 Nc6 5.Nc3 Nf6 6.Bf4 a6 7.Rc1 Bf5 8.e3 Rc8
9.Be2 e6 10.O-O Be7 11.Qb3 Na5 12.Qa4+ Kf8 13.b4 Nc4 14.b5 a5 15.Nb1 Nd7
16.Nfd2 Ndb6 17.Qd1 Bb4 18.Nxc4 Nxc4 19.Qb3 Bxb1 20.Qxb1 Nd2 21.Rxc8 Qxc8
22.Rc1 Qd8 23.Qc2 g5 24.Be5 f6 25.Qc8 Kf7 26.Rc7+ Be7 27.Bh5+ Kg7 28.Qxe6  1-0

[Event "17th CRO-chT 1b"]
[Site "Sibenik CRO"]
[Date "2008.09.28"]
[Round "2"]
[White "Sikanjic,B"]
[Black "Muha,Z"]
[Result "1/2-1/2"]
[WhiteElo "2177"]
[BlackElo "2104"]

1.c4 c6 2.Nc3 d5 3.cxd5 cxd5 4.d4 Nc6 5.Bf4 a6 6.e3 Nf6 7.Bd3 e6 8.Rc1 Bd6
9.Bxd6 Qxd6 10.f4 b5 11.Nf3 Bb7 12.O-O Ng4 13.Qe2 f5 14.Ne5 Ngxe5 15.fxe5 Qd7
16.g4 g6 17.gxf5 gxf5 18.Qh5+ Kd8 19.Ne2 Rg8+ 20.Kf2 Qe7 21.Nf4 Kd7 22.Rg1 Raf8
23.Qh6 Qf7 24.Nh5 Rg6 25.Nf6+ Qxf6 26.Qxh7+ Qe7 27.Qxg6 f4 28.Qg5 fxe3+ 29.Kxe3 Qb4
30.Rg4 Rf7 31.Rc2 Qe1+ 32.Re2 Qc1+ 33.Rd2 Qe1+ 34.Re2 Qc1+ 35.Rd2 Qe1+  1/2-1/2

[Event "ch-Commonwealth"]
[Site "Nagpur IND"]
[Date "2008.09.29"]
[Round "2"]
[White "Koshy,V"]
[Black "Simantini,H"]
[Result "1-0"]
[WhiteElo "2283"]
[BlackElo "1588"]

1.c4 c6 2.b3 Nf6 3.Bb2 d5 4.g3 Nbd7 5.Nf3 e6 6.Bg2 Qc7 7.O-O Be7 8.Nc3 O-O
9.d4 b6 10.Qd3 Bb7 11.e4 dxe4 12.Nxe4 c5 13.Nxf6+ Bxf6 14.Qe2 cxd4 15.Nxd4 Bxg2
16.Kxg2 Rad8 17.Rad1 Ne5 18.Qe4 a6 19.Ba3 Rfe8 20.f4 Ng6 21.Qc6 Qd7 22.Qxd7 Rxd7
23.Nc6 Rc7 24.Rd6 Ne7 25.Ne5 Nf5 26.Rxb6 Ne3+ 27.Kf2 Nxf1 28.Kxf1 a5 29.Ra6 Be7
30.Bxe7 Rcxe7 31.Rxa5 Rc7 32.c5 Rd8 33.Nc4 g6 34.Nd6 Kf8 35.b4 Ke7 36.Ke2 Rb8
37.a3 Kf6 38.Kd3 e5 39.Ra6 Rd7 40.Kc4 exf4 41.gxf4 Ke7 42.b5 Kd8 43.b6 Ke7
44.Kd5 f6 45.Ra7 Kd8 46.Rxd7+ Kxd7 47.c6+ Ke7 48.c7 Rf8 49.b7  1-0

[Event "17th CRO-chT 1a"]
[Site "Sibenik CRO"]
[Date "2008.09.29"]
[Round "3"]
[White "Feletar,D"]
[Black "Jovanic,O"]
[Result "1-0"]
[WhiteElo "2393"]
[BlackElo "2493"]

1.c4 c6 2.e4 d5 3.exd5 cxd5 4.d4 Nf6 5.Nc3 e6 6.Nf3 Be7 7.Bd3 dxc4 8.Bxc4 O-O
9.O-O a6 10.Bb3 b5 11.Qe2 Nc6 12.Rd1 Na5 13.Bc2 Bb7 14.Ne5 Rc8 15.a3 Nc4
16.a4 Qb6 17.axb5 axb5 18.Bd3 Na5 19.Bg5 Nb3 20.Bxf6 Bxf6 21.Nd7 Qd8 22.Nxf8 Kxf8
23.Rab1 Nxd4 24.Qh5 b4 25.Ne4 Bxe4 26.Bxe4 h6 27.Rbc1 e5 28.h3 Bg5 29.Rxc8 Qxc8
30.Ra1 g6 31.Qd1 Kg7 32.Qd3 Qc5 33.g3 Bc1 34.b3 Bb2 35.Ra4 Bc3 36.Qc4 Qe7
37.Ra8 Qd7 38.Kg2 Ne6 39.Qd5 Qe7 40.Qb7 Qxb7 41.Bxb7 Kf6 42.Ra6 Kf5 43.Bc8 h5
44.Bxe6+ fxe6 45.Kf3 e4+ 46.Ke3 e5 47.g4+ hxg4 48.hxg4+ Kxg4 49.Rxg6+ Kf5
50.Rc6 Bb2 51.Rc4 Bd4+ 52.Ke2 Bc3 53.Rc8 Bd4 54.Rc7 Bb2 55.Rc8 Bd4 56.Rc7 Bb2
57.Rf7+ Ke6 58.Rb7 Bc3 59.Ke3 Kd5 60.Rd7+ Ke6 61.Rd8 Bd4+ 62.Rxd4 exd4+ 63.Kxe4  1-0

[Event "17th CRO-chT 1a"]
[Site "Sibenik CRO"]
[Date "2008.09.29"]
[Round "3"]
[White "Dizdar,G"]
[Black "Bukal,V jr"]
[Result "1-0"]
[WhiteElo "2551"]
[BlackElo "2394"]

1.c4 c6 2.e4 d5 3.cxd5 cxd5 4.exd5 Nf6 5.Nc3 Nxd5 6.Nf3 Nxc3 7.bxc3 g6 8.Bb5+ Bd7
9.a4 Bg7 10.O-O O-O 11.Re1 Nc6 12.Ba3 Bf6 13.d4 a6 14.Bxc6 Bxc6 15.Ne5 Re8
16.c4 Qc7 17.Qb3 Rac8 18.Bc5 h5 19.a5 e6 20.h3 Bg7 21.Qg3 Qd8 22.Ra3 Ra8
23.Rb1 Be4 24.Rb6 Rc8 25.Qf4 Bf5 26.Rxb7 g5 27.Qe3  1-0

[Event "Zvenigorodskaya Open A"]
[Site "Zvenigorod RUS"]
[Date "2008.09.29"]
[Round "8"]
[White "Gubajdullin,A"]
[Black "Charochkina,D"]
[Result "0-1"]
[WhiteElo "2441"]
[BlackElo "2309"]

1.c4 c6 2.e4 d5 3.exd5 cxd5 4.d4 Nf6 5.Nc3 Nc6 6.Bg5 Be6 7.Be2 h6 8.Bxf6 exf6
9.Bf3 Bb4 10.Ne2 O-O 11.O-O Ne7  0-1